[Event "HUN-chT2 Toth 1415"]
[Site "Hungary"]
[Date "2015.02.08"]
[Round "8.11"]
[White "Lakatos, Alfred"]
[Black "Nagy, Viktor"]
[Result "0-1"]
[WhiteElo "1652"]
[BlackElo "1650"]
[PlyCount "104"]
[EventDate "2014.09.07"]
[EventType "team-tourn"]
[EventRounds "11"]
[EventCountry "HUN"]
[SourceTitle "EXT 2016"]
[Source "ChessBase"]
[SourceDate "2015.10.08"]
[SourceVersion "1"]
[SourceVersionDate "2015.10.08"]
[SourceQuality "1"]
[WhiteTeam "Maroczy II"]
[BlackTeam "Szentes"]
[WhiteTeamCountry "HUN"]
[BlackTeamCountry "HUN"]

1. d4 Nf6 2. Bf4 g6 3. e3 Bg7 4. Bd3 0-0 5. Nd2 d6 6. c3 Nbd7 7. Qc2 c5 8. Ne2 b6 9. f3 Bb7 10. e4 Rc8 11. d5 Nh5 12. Bb5 Nxf4 13. Nxf4 a6 14. Be2 b5 15. a4 c4 16. a5 Nc5 17. Ra2 e6 18. g3 Bh6 19. b4 Bxf4 20. bxc5 Bxd2+ 21. Qxd2 dxc5 22. dxe6 fxe6 23. Qxd8 Rcxd8 24. Rd2 Kf7 25. Kd1 e5 26. Rxd8 Rxd8+ 27. Kc2 Ke7 28. Rb1 Bc6 29. Rd1 Rf8 30. h4 h6 31. Rh1 h5 32. Rg1 Bd7 33. Kd2 Be6 34. Rb1 Rb8 35. f4 Kd6 36. Ke3 Kc6 37. Bf3 Rd8 38. f5 Bf7 39. Rd1 Rxd1 40. Bxd1 gxf5 41. exf5 b4 42. Ba4+ Kd5 43. Bd1 b3 44. Bf3+ Kd6 45. Be4 Bd5 46. Bb1 Ke7 47. Kd2 Kf6 48. Ke3 Bg2 49. Kd2 e4 50. Ke2 Kxf5 51. Ke3 Kg4 52. Kd2 Bf3 0-1

[Event "HUN-chT2 Toth 1314"]
[Site "Hungary"]
[Date "2013.09.22"]
[Round "2.10"]
[White "Lakatos, Alfred"]
[Black "Varga, Tamas"]
[Result "1-0"]
[WhiteElo "1717"]
[BlackElo "1853"]
[PlyCount "137"]
[EventDate "2013.09.08"]
[EventType "team-tourn"]
[EventRounds "11"]
[EventCountry "HUN"]
[SourceTitle "EXT 2016"]
[Source "ChessBase"]
[SourceDate "2015.10.08"]
[SourceVersion "1"]
[SourceVersionDate "2015.10.08"]
[SourceQuality "1"]
[WhiteTeam "Szeged Maroczy II"]
[BlackTeam "Bekes"]
[WhiteTeamCountry "HUN"]
[BlackTeamCountry "HUN"]

1. d4 Nf6 2. g3 g6 3. b3 Bg7 4. Bb2 d5 5. Nd2 Qd6 6. Bg2 Bf5 7. Qc1 Nc6 8. f3 Bh6 9. g4 Bd7 10. c4 Be3 11. cxd5 Qxd5 12. Qc4 Bxd4 13. 0-0-0 Qxc4+ 14. Nxc4 Bxb2+ 15. Kxb2 0-0-0 16. e4 Be6 17. Ne2 Bxc4 18. bxc4 e5 19. Kc3 g5 20. h3 Rd7 21. Rxd7 Nxd7 22. h4 f6 23. hxg5 fxg5 24. Rh6 Nf8 25. Ng3 Rg8 26. Nf5 Rg6 27. Rh1 Kd7 28. Rd1+ Ke8 29. Rd5 Ne6 30. Rb5 b6 31. Bf1 a6 32. Rb2 Ned4 33. Rh2 Nxf5 34. exf5 Rg7 35. Bd3 Kf7 36. Be4 Ne7 37. Rh6 Ng8 38. Bd5+ Kf8 39. Re6 Re7 40. Rc6 Kg7 41. Bxg8 Kxg8 42. Kd3 Kf7 43. Ke4 Rd7 44. Kxe5 a5 45. a4 Re7+ 46. Kd4 Rd7+ 47. Ke3 Re7+ 48. Kf2 Ke8 49. Kg3 Kd7 50. Rh6 Kd8 51. f4 Re3+ 52. Kf2 gxf4 53. Rxh7 Ke8 54. Rxc7 Ra3 55. c5 bxc5 56. Rxc5 Rxa4 57. Kf3 Ra1 58. Kxf4 a4 59. Rc7 a3 60. Ra7 a2 61. Kg5 Kf8 62. Kf6 Ke8 63. g5 Rb1 64. Rxa2 Rb6+ 65. Kg7 Rb7+ 66. Kh6 Kf8 67. g6 Rb8 68. f6 Rc8 69. Ra7 1-0